Manufacturing Technology Vol - I (Record no. 317292)
[ view plain ]
| 000 -LEADER | |
|---|---|
| fixed length control field | 00401nam a2200145Ia 4500 |
| 008 - FIXED-LENGTH DATA ELEMENTS--GENERAL INFORMATION | |
| fixed length control field | 230718s9999 xx 000 0 und d |
| 041 ## - LANGUAGE CODE | |
| Language code of text/sound track or separate title | eng |
| 082 ## - DEWEY DECIMAL CLASSIFICATION NUMBER | |
| Classification number | 670 |
| Item number | RAD |
| 100 ## - MAIN ENTRY--PERSONAL NAME | |
| Personal name | Radhakrishnan P. |
| 9 (RLIN) | 128033 |
| 245 ## - TITLE STATEMENT | |
| Title | Manufacturing Technology Vol - I |
| 260 ## - PUBLICATION, DISTRIBUTION, ETC. (IMPRINT) | |
| Name of publisher, distributor, etc. | Scitech Publications |
| 365 ## - TRADE PRICE | |
| Currency code | Rs. |
| Price amount | 205.00 |
| 700 ## - ADDED ENTRY--PERSONAL NAME | |
| Personal name | Radhakrishnan P. |
| 9 (RLIN) | 128033 |
| 906 ## - LOCAL DATA ELEMENT F, LDF (RLIN) | |
| d | B:107080033314-Jul-2007 |
| c | COMP |
| b | 41 |
| Withdrawn status | Lost status | Damaged status | Not for loan | Home library | Current library | Date acquired | Vendor | Budget Code | Cost, normal purchase price | Bill number | Total Checkouts | Full call number | Barcode | Date last seen | Discount | Cost, replacement price | Bill Date | Koha item type | Original Barcode |
|---|---|---|---|---|---|---|---|---|---|---|---|---|---|---|---|---|---|---|---|
| Cummins College of Engineering for Women Pune | Cummins College of Engineering for Women Pune | 24/07/2007 | Varma Book Distributors | COMP | 164.00 | 1070800333 | 670 | CCEP-BK-28499 | 18/07/2023 | 41 | 205.00 | 14/07/2007 | Books | 028499 |